ბათუმის შოთა რუსთაველის სახელმწიფო უნივერსიტეტის ბიბლიოთეკა

Причинная связь в уголовном праве (ბიბ.ჩანაწერი № 39092)

000 -LEADER
fixed length control field 00533nam a2200193Ia 4500
001 - CONTROL NUMBER
control field 5661
003 - CONTROL NUMBER IDENTIFIER
control field GE_BSU
008 - FIXED-LENGTH DATA ELEMENTS--GENERAL INFORMATION
fixed length control field 181216s||||||||xx |||||||||||||| ||und||
040 ## - CATALOGING SOURCE
Transcribing agency GE_BSU
080 ## - UNIVERSAL DECIMAL CLASSIFICATION NUMBER
Universal Decimal Classification number 343+343.237
100 ## - MAIN ENTRY--PERSONAL NAME
Personal name Церетели,Т.В.
245 ## - TITLE STATEMENT
Title Причинная связь в уголовном праве
260 ## - PUBLICATION, DISTRIBUTION, ETC.
Place of publication, distribution, etc. Тбилиси
260 ## - PUBLICATION, DISTRIBUTION, ETC.
Name of publisher, distributor, etc. Меридиани
260 ## - PUBLICATION, DISTRIBUTION, ETC.
Date of publication, distribution, etc. 2012
300 ## - PHYSICAL DESCRIPTION
Extent 703стр.22см.
653 ## - INDEX TERM--UNCONTROLLED
Uncontrolled term Причинная связь в уголовном праве
942 ## - ADDED ENTRY ELEMENTS (KOHA)
Koha item type წიგნი

არაა ხელმისაწვდომი ეგზემპლარები.